• 首页
  • 本馆介绍
  • 公告通知
  • 最新文献
  • 馆藏检索
  • 电子资源
  • 读者导购
  • 参考咨询
  • 我的图书馆
  • 登录
  • 详细信息显示
  • 放入我的书架
  • 预约/预借图书
  • 作者相关作品
  • 分类相关作品
  • 丛书相关作品
  • 出版社相关作品

书目信息

  • 表格格式
  • 工作单格式
  • 卡片格式
题名:
语言教学原理
    
 
作者: 盛炎
分册:  
出版信息:    
页数: 479页
开本: 20cm
丛书名:
单 册:
中图分类: H195.1
科图分类:
主题词: 汉语--语言教学
电子资源:
ISBN:
000 00414nam0 2200157 450
001 0728815141
005 20070819080015.14
100    @a20070819d km y0chiy0120 ea
101 0  @achi
200 1  @a语言教学原理@Ayu yan jiao xue yuan li@f盛炎@Fsheng yan
215    @a479页@d20cm
606 0  @a汉语@x语言教学
690    @aH195.1@v3
701  0 @a盛炎@Asheng yan
801  0 @aCN@bPFT@c20070819
905    @a213230@dH195.1@eZW30@f1
    
    语言教学原理/盛炎
    479页;20cm
    
    
    ISBN :
    
●
相关链接 在E读中查询图书 在五车中查询图书 在当当中查询图书 在豆瓣中查询图书


正题名:语言教学原理     索取号:H195.1/ZW30         预约/预借

序号 登录号 条形码 馆藏地/架位号 状态 备注
1 7604445   276044451   密集书库-文学院/ [索取号:H195.1/ZW30] 在馆    
唐山师范学院图书馆 欢迎您!
大连网信软件有限公司© 版权所有